000
00274nam a2200097Ia 4500
008
220204s9999 xx 000 0 und d
082
_a
019.952(540)
_b
CAT
245
0
_a
Catalogue of serials in the national science library April 1965
260
_a
New Delhi
_b
Indoc
942
_c
BK
999
_c
21342
_d
21342